Регионална библиотека "Любен Каравелов" - Русе

Ученият и политикът (Запис номер 58162)

MARC детайли
000 -Лидер
Контролно поле с фиксирана дължина nam a22 a 4500
003 - Код на организацията, давaща контролен номер
Контролно поле BLK
005 - Дата и час на последна редакция
Контролно поле 20230425161505.0
008 - Елементи от данни с фиксирана дължина
fixed length control field 180408b bul|||||r ||||||| ||bul||
010 ## - Наследен системен номер
LC control number KNG00062192000
020 ## - Международен стандартен номер на книга ISBN
Международен стандартен номер на книга ISBN 954-8112-40-X
040 ## - Източник на каталожния запис
Идентификатор на билиотеката - собственик на записа BLK
041 ## - Код за език
Код за езика на текст/звукозапис или на отделно заглавие Български
Код за езика КДБФ Български
080 ## - УДК
Текстов определител УДК Наука. Наукознание. Организация на умствения труд
УДК код - определител по УДК 001
УДК определител :316
УДК - код + определител 001:316
080 ## - УДК
Текстов определител УДК Политически подсистеми и институции. Социология на политиката
УДК код - определител по УДК 316.334.3
УДК - код + определител 316.334.3
100 1# - Редна дума - Автор
Автор Вебер, Макс
Авторска отговорност първи автор
R(LIN) 368217
139 ## - Редно поле
Редна дума Вебер, Макс
Авторски знак Веб - В 34
245 10 - Сведения за заглавието
Заглавие Ученият и политикът
Редно поле (дума) Макс Вебер; предг. от Реймон Арон; прев. от нем. Владимир Стефанов Чуков.
257 ## - Страна на издаване
Страна на създаване/издаване Германия
260 ## - Област на издателските данни
Място на издаване, разпространение и проч. София
Име на издателя, разпространителя и проч. Булвест 2000
Година на издаване 1993
Печатница Пловдив : Полиграфия
300 ## - Физическа характеристика
Страници 119 с.
Размери/Мащаб 20 см
380 ## - Жанр
Жанр Общ отдел
653 ## - Ключова дума – ненормативна
Ключова дума наука
653 ## - Ключова дума – ненормативна
Ключова дума социология
653 ## - Ключова дума – ненормативна
Ключова дума политически системи
700 1# - Други автори (авторска отговорност)
Лично име Арон, Реймон
Автороска отговорност (Описва отношението между автора и произведението) предг. от
9 (RLIN) 365777
700 1# - Други автори (авторска отговорност)
Лично име Чуков, Владимир Стефанов
Автороска отговорност (Описва отношението между автора и произведението) прев. от нем.
9 (RLIN) 369640
852 ## - Местоположение
Форматна сигнатура Цб 173669
Фондова буква Хранилище
856 4# - Електронен адрес и достъп
Електронен формат pdf - файл
Инструкция (цена за достъп) 0.00
Права за достъп disable
856 4# - Електронен адрес и достъп
Електронен формат pdf - файл
Инструкция (цена за достъп) 0.00
Права за достъп disable
999 ## - СИСТЕМНИ КОНТРОЛНИ НОМЕРА
Koha biblionumber 58162
Koha biblioitemnumber 58162
942 ## - АРТИКУЛИ
Вид на библиотечния материал Книги
Скрит в OPAC Не
Koha issues (borrowed), all copies 1
Периодичен библиозапис Да
944 ## - СЪЗДАВАНЕ И РЕДАКЦИЯ на ЗАПИСА
Създаване/Редакция Създаване
Дата на регистрацията/редакция 23.01.2017
Служител, извършил регистрацията/редакцията Наталия_Любомирова
944 ## - СЪЗДАВАНЕ И РЕДАКЦИЯ на ЗАПИСА
Създаване/Редакция Редакция
Дата на регистрацията/редакция 23.01.2017
Служител, извършил регистрацията/редакцията Наталия_Любомирова
999 ## - СИСТЕМНИ КОНТРОЛНИ НОМЕРА
Koha biblioitemnumber 58162
Наличности
Код за отписване Код за изгубен артикул Източник на класификационната схема Код за повреда Коз за рестрикции Код за отдаване Артикулен № Име на библиотеката - собственик Име на библиотеката, в която се намира в момента Статус (Текущо местоположение) Дата на вписване в системата Местоположение - отдел Цена в лева Инвентарен номер Систематично азбучна сигнатура Баркод Номер на екземпляра Цена в евро Служебна бележка Служебен тип на артикула
  Не е изгубен Universal Decimal Classification Не е повреден без рестрикции ползва се в читалня 95053 Регионална библиотека "Любен Каравелов" Русе Регионална библиотека "Любен Каравелов" Русе Хранилище 1993-01-01 Хранилище 0.95 580656 Цб 173669 120000580656 1 0.49 N: стар фонд Дата: 01.01.1993 Книги
Vip Innovations Ltd, Rousse, Bulgaria 2025